000 00757nam a2200217 a 4500
001 BRCA_5760
005 20190320205214.0
008 080311s1951----fr-ab#####---#000-0#spa-#
041 _aspa
044 _afr
050 4 _aDC780
_b.D46 1951
100 1 _aDenaes, Raymond
_914611
245 1 0 _aGuía para visitar París
_bEnchien-Les-Bains, Fontainebleau, Malmaison, Versailles, Vincennes, con lista de 150 restaurants escogidos entre los mejores de París
_cRaymond Denaes ; traducción de F. Rubio.
260 _aParís
_bL´Indispensable
_c1951
300 _a64 p.
_bil., mapas
_c15 cm.
500 _aG2
650 1 4 _aParís
_vGuías de viajeros
_xDescripción y viajes
_914612
700 1 _aRubio, F.
_eTraductor
_914613
902 _aGFM
942 _2lcc
_cB
999 _c5450
_d5450